[Event "36th Reykjavik op"]
[Site "Reykjavik ISL"]
[Date "2023.04.02"]
[Round "7.107"]
[White "Kienitz, Andre"]
[Black "Eliasson, Kristjan Oern"]
[WhiteElo "2039"]
[BlackElo "1737"]
[Result "1-0"]
[EventDate "2023.03.29"]
[PlyCount "101"]

1. e4 d6 2. d4 g6 3. Nf3 Bg7 4. Nc3 c6 5. a4 Nf6 6. Be2 O-O 7. O-O Bg4 8. h3 Bc8
9. Be3 Nbd7 10. Qd2 e5 11. dxe5 Nxe5 12. Nxe5 dxe5 13. Qxd8 Rxd8 14. Bc4 b6 15. Rfd1
Bb7 16. f3 Bf8 17. Kf2 Kg7 18. Ne2 Be7 19. c3 Rxd1 20. Rxd1 Rd8 21. Rxd8 Bxd8 22.
b4 Bc7 23. Nc1 Nd7 24. Nb3 Kf8 25. g4 Ke7 26. h4 Ke8 27. Bf1 Ke7 28. a5 Bd6 29. Bd2
b5 30. Be3 a6 31. Bh3 Kd8 32. g5 Nf8 33. Bc5 Kc7 34. Bb6+ Kb8 35. Bc5 Kc7 36. Bxd6+
Kxd6 37. Nc5 Kc7 38. Ke3 Bc8 39. Bxc8 Kxc8 40. f4 Ne6 41. Nxe6 fxe6 42. f5 Kd7 43.
fxg6 hxg6 44. Kf3 Ke7 45. Kg4 Kf7 46. h5 Kg7 47. hxg6 Kg8 48. g7 Kxg7 49. Kh5 Kf7
50. Kh6 Kg8 51. Kg6  1-0

[Event "36th Reykjavik op"]
[Site "Reykjavik ISL"]
[Date "2023.04.02"]
[Round "7.108"]
[White "Diaz, Franck"]
[Black "Scotti, Martin"]
[WhiteElo "2035"]
[BlackElo "1734"]
[Result "1/2-1/2"]
[EventDate "2023.03.29"]
[PlyCount "129"]

1. e4 c5 2. Nf3 d6 3. d4 cxd4 4. Nxd4 Nf6 5. Nc3 a6 6. Bc4 e6 7. g4 h6 8. Bb3 Nc6
9. f3 Be7 10. Be3 Nxd4 11. Bxd4 b5 12. Qd2 Bb7 13. O-O-O Bc6 14. h4 a5 15. a4 b4
16. g5 bxc3 17. Qxc3 Rc8 18. gxf6 gxf6 19. Qd2 Qd7 20. Qxa5 Ra8 21. Qc3 e5 22. Bc5
Bxa4 23. Ba3 Bxb3 24. Qxb3 Qe6 25. Qb5+ Qd7 26. Qd5 Rd8 27. Rhg1 Qe6 28. Qb5+ Qd7
29. Qd3 Qa4 30. Qd5 Rc8 31. Rd2 Qc6 32. Kb1 Qxd5 33. Rxd5 Kd7 34. Rg7 Ke6 35. Rd1
h5 36. b3 Rcg8 37. Rdg1 Rxg7 38. Rxg7 f5 39. exf5+ Kxf5 40. Rxf7+ Ke6 41. Rg7 Bxh4
42. Rg6+ Bf6 43. Rg3 h4 44. Rh3 d5 45. Bb4 e4 46. fxe4 dxe4 47. c4 Kf5 48. Bd6 Ra8
49. b4 Ra1+ 50. Kc2 Bg5 51. b5 Rc1+ 52. Kb3 Ke6 53. c5 Kd5 54. b6 Kc6 55. Kb2 e3
56. Rh2 Rf1 57. Kc2 Rf2+ 58. Kd1 Rxh2 59. Bxh2 Be7 60. Ke2 Bxc5 61. Kf3 Bxb6 62.
Bf4 h3 63. Bxe3 Bxe3 64. Kg3 h2 65. Kxh2  1/2-1/2

[Event "36th Reykjavik op"]
[Site "Reykjavik ISL"]
[Date "2023.04.02"]
[Round "7.109"]
[White "Bartelt, Max Peter"]
[Black "Horan, George"]
[WhiteElo "2031"]
[BlackElo "1729"]
[Result "0-1"]
[EventDate "2023.03.29"]
[PlyCount "121"]

1. d4 Nf6 2. Bg5 Ne4 3. h4 d5 4. Nd2 Nxg5 5. hxg5 Bf5 6. e3 Nc6 7. g4 Bg6 8. f4 e6
9. a3 f6 10. Ngf3 Be7 11. gxf6 gxf6 12. Nh4 Bf7 13. Ndf3 Qd7 14. c4 O-O-O 15. Qc2
Rdg8 16. Bh3 h5 17. gxh5 f5 18. Ng6 Bxg6 19. hxg6 Rxg6 20. O-O-O Rg3 21. cxd5 Qxd5
22. Bg2 Rhg8 23. Rhg1 Qa2 24. Ng5 Bxg5 25. Bxc6 Bxf4 26. Rxg3 Rxg3 27. exf4 bxc6
28. Qxc6 Qd5 29. Qxd5 exd5 30. Re1 Rf3 31. Re5 Rxf4 32. Rxd5 Rf2 33. Ra5 Kb7 34.
b4 f4 35. Kd1 f3 36. Ke1 Ra2 37. Kf1 c6 38. b5 Kb6 39. Ra6+ Kxb5 40. Rxa7 Kc4 41.
Ra6 Kd5 42. a4 Rc2 43. Ra8 Kxd4 44. Rf8 Rc3 45. Kf2 Kc5 46. Rf4 Kb6 47. Ke1 Ka5 48.
Kd2 Ra3 49. Kc2 c5 50. Kd2 f2 51. Rf5 Kb4 52. Ke2 Ra2+ 53. Kd3 c4+ 54. Kd4 c3 55.
Kd3 Rd2+ 56. Ke3 Kxa4 57. Rf3 Kb3 58. Kf4 Kc2 59. Kg3 Rd3 60. Kxf2 Rxf3+ 61. Kxf3
 0-1

[Event "36th Reykjavik op"]
[Site "Reykjavik ISL"]
[Date "2023.04.02"]
[Round "7.110"]
[White "Tan, Jimmy"]
[Black "Koh, Ming Yao Gavin"]
[WhiteElo "1715"]
[BlackElo "2012"]
[Result "0-1"]
[EventDate "2023.03.29"]
[PlyCount "102"]

1. d4 Nf6 2. Bf4 d5 3. e3 e6 4. Nd2 Bd6 5. Bg3 O-O 6. Ngf3 c5 7. c3 Qc7 8. Bd3 Nbd7
9. O-O e5 10. dxe5 Nxe5 11. Nxe5 Bxe5 12. Qc2 Bxg3 13. hxg3 h6 14. e4 Be6 15. Rfe1
dxe4 16. Nxe4 Nxe4 17. Bxe4 Rad8 18. Rad1 Qb6 19. b3 Qc7 20. Bf3 b6 21. Rxd8 Rxd8
22. Rd1 g6 23. Rxd8+ Qxd8 24. Qd1 Qf6 25. Qd2 Qe5 26. Kh2 Kg7 27. Bd1 Bf5 28. b4
h5 29. f4 Qe4 30. a3 Qc4 31. Kg1 Be6 32. Kh2 Qa6 33. Qb2 Qd3 34. Bf3 Qe3 35. bxc5
bxc5 36. a4 h4 37. a5 Qe1 38. gxh4 Qxh4+ 39. Kg1 Qxf4 40. a6 Qe3+ 41. Kh2 c4 42.
Qb4 g5 43. Qb8 g4 44. Qg3 Qxc3 45. Be4 Qxg3+ 46. Kxg3 f5 47. Bc2 Kf6 48. Kf4 g3 49.
Kxg3 Ke5 50. Kf3 Bd5+ 51. Kf2 Be4  0-1

[Event "36th Reykjavik op"]
[Site "Reykjavik ISL"]
[Date "2023.04.02"]
[Round "7.112"]
[White "Andersson, Christer"]
[Black "Striskova, Lucia"]
[WhiteElo "1659"]
[BlackElo "2002"]
[Result "1/2-1/2"]
[EventDate "2023.03.29"]
[PlyCount "64"]

1. d4 d5 2. Bf4 Nf6 3. e3 c5 4. c3 e6 5. Nd2 Nc6 6. Ngf3 Bd6 7. Bg3 O-O 8. Bd3 Qc7
9. O-O b6 10. Re1 Bb7 11. Rc1 e5 12. dxe5 Nxe5 13. Nxe5 Bxe5 14. Nf3 Bxg3 15. hxg3
Rad8 16. Bb1 Rfe8 17. Qa4 Ne4 18. Rcd1 Bc6 19. Qc2 Qe7 20. Nd2 Nf6 21. Qf5 Bd7 22.
Qf4 h6 23. Qh4 d4 24. cxd4 cxd4 25. e4 g5 26. Qxh6 Ng4 27. Qh5 Kg7 28. Nf3 f6 29.
e5 Nxe5 30. Qh7+ Kf8 31. Qh8+ Kf7 32. Qh7+ Kf8  1/2-1/2

[Event "36th Reykjavik op"]
[Site "Reykjavik ISL"]
[Date "2023.04.02"]
[Round "7.113"]
[White "Qiu, Andrew Yu"]
[Black "Langlois-Remillard, Alexis"]
[WhiteElo "1646"]
[BlackElo "2001"]
[Result "1/2-1/2"]
[EventDate "2023.03.29"]
[PlyCount "107"]

1. e4 e6 2. Nf3 d5 3. Nc3 Nf6 4. e5 Nfd7 5. d4 c5 6. Bg5 Qb6 7. dxc5 Bxc5 8. Qd2
Bxf2+ 9. Qxf2 Qxb2 10. Kd2 Qxa1 11. Bb5 Qxh1 12. Qc5 Qxg2+ 13. Ne2 Qxg5+ 14. Nxg5
Nc6 15. Bxc6 bxc6 16. Qxc6 Rb8 17. Nxe6 fxe6 18. Qxe6+ Kd8 19. Qxd5 Rb6 20. e6 Ke7
21. Nd4 Nb8 22. Qc5+ Kf6 23. Qf5+ Ke7 24. Qf7+ Kd6 25. e7 Bd7 26. Qf8 Nc6 27. e8=Q+
Rxf8 28. Qxf8+ Kc7 29. Nxc6 Rxc6 30. Qxg7 h6 31. Kc1 Rb6 32. c3 Re6 33. h4 a6 34.
Kd2 Rd6+ 35. Kc2 Re6 36. a3 Rc6 37. a4 Re6 38. Qd4 Rc6 39. Qe5+ Kc8 40. a5 Re6 41.
Qd4 Kc7 42. Qa7+ Kc8 43. c4 Rc6 44. Kc3 Re6 45. Kd4 Rc6 46. c5 Re6 47. Qa8+ Kc7 48.
Qd5 Rc6 49. Ke5 Kc8 50. Qg8+ Kc7 51. Qf8 Re6+ 52. Kd5 Rc6 53. Qf4+ Kc8 54. Qf8+  1/2-1/2

[Event "36th Reykjavik op"]
[Site "Reykjavik ISL"]
[Date "2023.04.02"]
[Round "7.114"]
[White "Bajoghli, Navid"]
[Black "George Samir, David"]
[WhiteElo "1598"]
[BlackElo "1993"]
[Result "0-1"]
[EventDate "2023.03.29"]
[PlyCount "72"]

1. d4 Nf6 2. c4 e6 3. Nc3 Bb4 4. f3 c5 5. d5 d6 6. e4 O-O 7. Nge2 Re8 8. a3 Ba5 9.
Bd2 Nbd7 10. Ng3 Ne5 11. Be2 b5 12. Nxb5 exd5 13. cxd5 c4 14. Bxa5 Qxa5+ 15. Nc3
Rb8 16. Qd2 Qb6 17. Rb1 Ba6 18. Nf5 g6 19. Qg5 Nfd7 20. h4 f6 21. Qg3 Kh8 22. Nh6
Qe3 23. Ng4 Nxg4 24. Qxg4 Ne5 25. Qg3 Rxb2 26. Rxb2 Nd3+ 27. Kf1 Nxb2 28. Qxd6 Qxc3
29. Rh3 Bc8 30. g4 Qe5 31. Qc5 Nd3 32. Bxd3 cxd3 33. h5 Ba6 34. hxg6 d2+ 35. Kf2
d1=Q 36. Rxh7+ Kg8  0-1

[Event "36th Reykjavik op"]
[Site "Reykjavik ISL"]
[Date "2023.04.02"]
[Round "7.116"]
[White "Kukavica, Tony"]
[Black "Buchert, Matthaus"]
[WhiteElo "1981"]
[BlackElo "1641"]
[Result "1-0"]
[EventDate "2023.03.29"]
[PlyCount "83"]

1. Nf3 c5 2. b3 Nc6 3. Bb2 d6 4. d4 cxd4 5. Nxd4 Nf6 6. e3 a6 7. Be2 e6 8. O-O Be7
9. c4 O-O 10. Nc3 Nxd4 11. Qxd4 b6 12. Bf3 Rb8 13. Rfd1 Qc7 14. Rac1 Bb7 15. Bxb7
Qxb7 16. a4 Rfd8 17. e4 Ne8 18. Rc2 Bf6 19. Qe3 Bxc3 20. Bxc3 b5 21. cxb5 axb5 22.
Rcd2 bxa4 23. bxa4 Qb3 24. a5 Ra8 25. Bd4 Qb5 26. Bb6 Rdc8 27. Qd3 Qa4 28. f3 Kf8
29. e5 d5 30. Qxh7 Rxa5 31. Bxa5 Qxa5 32. Qh8+ Ke7 33. Qh4+ Kf8 34. Qh8+ Ke7 35.
Qh4+ Kf8 36. f4 Rc4 37. Qh8+ Ke7 38. Qh4+ Kf8 39. Qf2 Re4 40. f5 Qa4 41. fxe6 Rxe5
42. Qxf7#  1-0

[Event "36th Reykjavik op"]
[Site "Reykjavik ISL"]
[Date "2023.04.02"]
[Round "7.117"]
[White "Johannsdottir, Johanna Bjoerg"]
[Black "Adams, George"]
[WhiteElo "1974"]
[BlackElo "1604"]
[Result "1-0"]
[EventDate "2023.03.29"]
[PlyCount "67"]

1. e4 c5 2. Nf3 g6 3. d4 cxd4 4. Nxd4 Bg7 5. c4 Nc6 6. Nc2 d6 7. Be2 Nf6 8. Nc3 O-O
9. O-O Nd7 10. Bd2 a5 11. Rb1 Nc5 12. b3 Bd7 13. f3 Nd4 14. Nxd4 Bxd4+ 15. Kh1 f5
16. Nd5 Ne6 17. exf5 Rxf5 18. Bd3 Rf7 19. Be4 Bg7 20. f4 Nc5 21. Bf3 Bf5 22. Rc1
Bb2 23. Bc3 Bxc1 24. Qxc1 e6 25. Ne3 Be4 26. Ng4 Qf8 27. f5 e5 28. Nh6+ Kg7 29. Nxf7
Qxf7 30. fxg6 Qxg6 31. Qe3 Rf8 32. Bxe5+ dxe5 33. Qxc5 Qh5 34. Qxf8+  1-0

[Event "36th Reykjavik op"]
[Site "Reykjavik ISL"]
[Date "2023.04.02"]
[Round "7.120"]
[White "Pozimski, Szymon"]
[Black "Lien, Benjamin"]
[WhiteElo "1972"]
[BlackElo "1495"]
[Result "1-0"]
[EventDate "2023.03.29"]
[PlyCount "61"]

1. e4 c5 2. Nf3 d6 3. d4 cxd4 4. Nxd4 Nf6 5. f3 g6 6. c4 Bg7 7. Nc3 O-O 8. Be3 Bd7
9. Qd2 Nc6 10. Nc2 Rc8 11. Be2 Re8 12. O-O a6 13. Rfd1 Ne5 14. Na3 Be6 15. Nd5 Bxd5
16. cxd5 Qc7 17. Rac1 Qb8 18. Nc2 Ned7 19. Rb1 Rc7 20. Nd4 Rec8 21. b4 Ne5 22. b5
axb5 23. Rxb5 Rc5 24. Rb3 Nfd7 25. f4 Nc4 26. Bxc4 Rxc4 27. Nc6 Qc7 28. Nxe7+ Kh8
29. Nxc8 Rc2 30. Rc1 Bd4 31. Bxd4+  1-0

[Event "36th Reykjavik op"]
[Site "Reykjavik ISL"]
[Date "2023.04.02"]
[Round "7.121"]
[White "Schrodt, Sebastian"]
[Black "Eythorsson, Engilbert Vidar"]
[WhiteElo "1972"]
[BlackElo "1442"]
[Result "1-0"]
[EventDate "2023.03.29"]
[PlyCount "44"]

1. c4 e5 2. g3 Bc5 3. Nc3 c6 4. Bg2 Nf6 5. e3 d5 6. cxd5 cxd5 7. d4 exd4 8. exd4
Bb4 9. Nge2 O-O 10. Bg5 Bxc3+ 11. bxc3 Re8 12. O-O Be6 13. Nf4 Nbd7 14. Bxd5 Bxd5
15. Nxd5 Qa5 16. Nxf6+ Nxf6 17. Bxf6 gxf6 18. Qf3 Rac8 19. Rab1 Rxc3 20. Qxf6 Re6
21. Qf4 Qxa2 22. Rxb7 Rc8  1-0

[Event "36th Reykjavik op"]
[Site "Reykjavik ISL"]
[Date "2023.04.02"]
[Round "7.123"]
[White "Agustsson, Hafsteinn"]
[Black "Cederstam, Carl"]
[WhiteElo "1762"]
[BlackElo "2255"]
[Result "0-1"]
[EventDate "2023.03.29"]
[PlyCount "106"]

1. Nf3 d5 2. g3 Nf6 3. Bg2 e6 4. O-O c5 5. d3 Nc6 6. Re1 Be7 7. Nbd2 e5 8. e4 d4
9. Nc4 Nd7 10. Bh3 Qc7 11. a4 h5 12. Ng5 Nf8 13. f4 Bxg5 14. Bxc8 Rxc8 15. fxg5 Na5
16. Nxa5 Qxa5 17. Bd2 Qa6 18. b3 h4 19. Qg4 Qe6 20. Qf5 hxg3 21. hxg3 Ng6 22. Qxe6+
fxe6 23. Kg2 b6 24. Rh1 Ke7 25. Rxh8 Rxh8 26. Rh1 Rc8 27. Rf1 a6 28. Ra1 Kf7 29.
Rf1+ Kg8 30. Ra1 Nh8 31. Rh1 Kf7 32. c4 dxc3 33. Bxc3 Kg6 34. Bxe5 Nf7 35. Bf4 e5
36. Be3 a5 37. Rf1 Rd8 38. Rd1 Rd7 39. Kf3 Nd8 40. Ke2 Nc6 41. Rf1 Nb4 42. Rd1 Rd8
43. Bd2 Rxd3 44. Bxb4 Rxd1 45. Bxc5 Rb1 46. Bxb6 Rxb3 47. Bxa5 Ra3 48. Bd2 Rxa4 49.
Kf3 Kh5 50. Bc1 Rb4 51. g4+ Kg6 52. Bd2 Rb3+ 53. Kf2 Rb2  0-1

[Event "36th Reykjavik op"]
[Site "Reykjavik ISL"]
[Date "2023.04.02"]
[Round "7.124"]
[White "Tacconi, Antonio"]
[Black "Terhuven, Patrick"]
[WhiteElo "1736"]
[BlackElo "2180"]
[Result "0-1"]
[EventDate "2023.03.29"]
[PlyCount "86"]

1. c4 c5 2. Nc3 g6 3. g3 Bg7 4. Bg2 Nc6 5. Nf3 d6 6. O-O e6 7. d3 Nge7 8. Bd2 O-O
9. Rb1 b6 10. a3 Bb7 11. b4 Qd7 12. Qc1 Nd4 13. e4 f5 14. Nxd4 cxd4 15. Ne2 fxe4
16. dxe4 e5 17. Bh6 Rac8 18. Bxg7 Kxg7 19. b5 Qe6 20. Rb4 d3 21. Nc3 Rxc4 22. Rxc4
Qxc4 23. Qd2 Rc8 24. Rc1 Qd4 25. Kf1 d5 26. exd5 Nxd5 27. Nxd5 Rxc1+ 28. Qxc1 d2
29. Qd1 Bxd5 30. Bxd5 Qd3+ 31. Kg1 Qxd5 32. f3 Qd3 33. Kf2 Kf6 34. a4 g5 35. h3 h5
36. Kg2 g4 37. hxg4 hxg4 38. fxg4 e4 39. Qa1+ Ke6 40. Qg7 Qf3+ 41. Kh2 d1=Q 42. Qg8+
Ke5 43. Qg7+ Kd5  0-1

[Event "36th Reykjavik op"]
[Site "Reykjavik ISL"]
[Date "2023.04.02"]
[Round "7.125"]
[White "Skou, Niels"]
[Black "Hauksdottir, Hrund"]
[WhiteElo "2114"]
[BlackElo "1775"]
[Result "1/2-1/2"]
[EventDate "2023.03.29"]
[PlyCount "31"]

1. c4 Nf6 2. d4 e6 3. Nc3 Bb4 4. e3 O-O 5. Nf3 d5 6. Bd2 c5 7. a3 cxd4 8. exd4 Bxc3
9. Bxc3 dxc4 10. Bxc4 a6 11. O-O b5 12. Bd3 Nc6 13. Rc1 Bb7 14. Bb1 Ne7 15. Bb4 Re8
16. Qd3  1/2-1/2

[Event "36th Reykjavik op"]
[Site "Reykjavik ISL"]
[Date "2023.04.02"]
[Round "7.126"]
[White "Karason, Askell Oern"]
[Black "Kristinsson, Magnus"]
[WhiteElo "2084"]
[BlackElo "1756"]
[Result "1-0"]
[EventDate "2023.03.29"]
[PlyCount "89"]

1. Nf3 Nf6 2. c4 g6 3. Nc3 d5 4. cxd5 Nxd5 5. Qa4+ Nc6 6. Ne5 Nxc3 7. dxc3 Bd7 8.
Nxd7 Qxd7 9. e4 Ne5 10. Qxd7+ Nxd7 11. Be3 Bg7 12. O-O-O Nf6 13. f3 c6 14. Bc4 O-O
15. e5 Nd5 16. Bxd5 cxd5 17. Rxd5 e6 18. Rd7 Bxe5 19. Rxb7 Rfd8 20. Rd1 Rxd1+ 21.
Kxd1 a6 22. f4 Bf6 23. Kc2 Kf8 24. c4 h5 25. c5 Rc8 26. b4 e5 27. Rb6 exf4 28. Bxf4
Be7 29. Rxa6 Bxc5 30. bxc5 Rxc5+ 31. Kd3 Rf5 32. Ke4 Ke7 33. h4 Rb5 34. Bg5+ Kd7
35. Ra7+ Kc6 36. Rxf7 Ra5 37. Rf6+ Kd7 38. Rxg6 Rxa2 39. Be3 Ra4+ 40. Bd4 Ke7 41.
Rg5 Kf7 42. Rxh5 Kg6 43. Rb5 Rc4 44. g4 Rc2 45. Rb6+  1-0

[Event "36th Reykjavik op"]
[Site "Reykjavik ISL"]
[Date "2023.04.02"]
[Round "7.127"]
[White "Hayes, Peter"]
[Black "Kasims, Stefans"]
[WhiteElo "2075"]
[BlackElo "1753"]
[Result "1-0"]
[EventDate "2023.03.29"]
[PlyCount "51"]

1. d4 Nf6 2. c4 g6 3. Nc3 Bg7 4. e4 d6 5. Bd3 O-O 6. Nge2 e5 7. Bc2 exd4 8. Nxd4
c6 9. O-O d5 10. cxd5 cxd5 11. e5 Ne4 12. f4 f6 13. Nxd5 fxe5 14. fxe5 Rxf1+ 15.
Qxf1 Bxe5 16. Nf3 Nc5 17. Qc4 Bd6 18. Bg5 b5 19. Ne7+ Kg7 20. Qd4+ Kf7 21. Qf6+ Ke8
22. Qh8+ Kd7 23. Qxh7 Qe8 24. Bxg6 Qf8 25. Bf5+ Ke8 26. Nxc8  1-0

[Event "36th Reykjavik op"]
[Site "Reykjavik ISL"]
[Date "2023.04.02"]
[Round "7.128"]
[White "Hari, Charan Sai Kalluri"]
[Black "Hallsson, Jon Eggert"]
[WhiteElo "2066"]
[BlackElo "1747"]
[Result "1-0"]
[EventDate "2023.03.29"]
[PlyCount "99"]

1. d4 e6 2. c4 f5 3. g3 Nf6 4. Bg2 Be7 5. Nf3 d6 6. Nc3 O-O 7. O-O Ne4 8. Nxe4 fxe4
9. Nd2 d5 10. f3 exf3 11. Nxf3 Nc6 12. e3 dxc4 13. Qe2 Kh8 14. Qxc4 Qd5 15. Qe2 Qh5
16. h3 Bd7 17. Bd2 Bd6 18. g4 Qg6 19. Bc3 Ne7 20. e4 Bg3 21. Nd2 Qh6 22. Qd3 Bf4
23. Rae1 Ng6 24. e5 a6 25. b3 Qh4 26. Bb4 Rf7 27. a4 a5 28. Ba3 Kg8 29. Ne4 Bc6 30.
Bc5 Rd8 31. Qc3 Bd5 32. Re2 b6 33. Ba3 Rdd7 34. Ref2 Qh6 35. Re2 Nh4 36. Bh1 Qg6
37. Nf6+ gxf6 38. Bxd5 Rxd5 39. Rxf4 fxe5 40. Rxf7 Qxf7 41. Rf2 Qd7 42. Qe3 c5 43.
dxc5 Rd1+ 44. Kh2 Qd5 45. cxb6 Ng6 46. Qf3 e4 47. Qf7+ Kh8 48. Qe8+ Kg7 49. Bf8+
Nxf8 50. Qxf8+  1-0

[Event "36th Reykjavik op"]
[Site "Reykjavik ISL"]
[Date "2023.04.02"]
[Round "7.129"]
[White "Thorisson, Benedikt"]
[Black "Hagevi, Vidar"]
[WhiteElo "1725"]
[BlackElo "2054"]
[Result "1-0"]
[EventDate "2023.03.29"]
[PlyCount "85"]

1. e4 e6 2. d4 d5 3. e5 c5 4. c3 Nc6 5. Nf3 Qb6 6. a3 c4 7. Nbd2 Na5 8. Rb1 Bd7 9.
Be2 Ne7 10. O-O Qc7 11. Qc2 Nc8 12. Bd1 Nb6 13. b3 cxb3 14. Nxb3 Ba4 15. Qd3 Nxb3
16. Bxb3 Bxb3 17. Rxb3 h6 18. Nd2 Be7 19. f4 g6 20. g4 h5 21. f5 gxf5 22. gxf5 O-O-O
23. Kh1 Qc6 24. f6 Bf8 25. Qb5 Qxb5 26. Rxb5 Bh6 27. Nf3 Bxc1 28. Rxc1 Rhg8 29. Rbb1
Nc4 30. a4 Nb6 31. Nd2 Kb8 32. a5 Na8 33. c4 dxc4 34. Nxc4 Rd7 35. Nd6 b6 36. Rc3
Rxd6 37. exd6 Rd8 38. Rbc1 Rxd6 39. Rc8+ Kb7 40. a6+ Kxa6 41. Rxa8 Rxd4 42. Ra1+
Kb5 43. R8xa7  1-0

[Event "36th Reykjavik op"]
[Site "Reykjavik ISL"]
[Date "2023.04.02"]
[Round "7.130"]
[White "Kaergaard, Sissel"]
[Black "Zhou, Lepu Coco"]
[WhiteElo "1665"]
[BlackElo "2034"]
[Result "0-1"]
[EventDate "2023.03.29"]
[PlyCount "78"]

1. d4 d5 2. Bf4 Nf6 3. Nf3 e6 4. e3 Bd6 5. Bg3 O-O 6. Bd3 c5 7. c3 Qc7 8. Nbd2 Nbd7
9. O-O b6 10. e4 Bxg3 11. hxg3 dxe4 12. Nxe4 Bb7 13. Qe2 cxd4 14. cxd4 Nxe4 15. Bxe4
Bxe4 16. Qxe4 Nf6 17. Qd3 Rfd8 18. Qb3 Rac8 19. Rfe1 Qc2 20. Qxc2 Rxc2 21. b3 Ng4
22. Rf1 h5 23. a4 f6 24. Rac1 Rdc8 25. Rcd1 Rb2 26. d5 exd5 27. Rxd5 Rcc2 28. Rxh5
Rxf2 29. Rxf2 Nxf2 30. Rh4 Nd3 31. Nd4 Rb1+ 32. Kh2 Nf2 33. g4 Rh1+ 34. Kg3 Ne4+
35. Kf4 Rxh4 36. Nf3 g5+ 37. Kxe4 Rxg4+ 38. Kf5 Rxg2 39. Nd4 Kf7  0-1

[Event "36th Reykjavik op"]
[Site "Reykjavik ISL"]
[Date "2023.04.02"]
[Round "7.131"]
[White "Petursson, Gudni"]
[Black "Chilton, James I"]
[WhiteElo "2020"]
[BlackElo "1722"]
[Result "1-0"]
[EventDate "2023.03.29"]
[PlyCount "83"]

1. d4 Nf6 2. c4 e6 3. Nf3 d5 4. Nc3 Bb4 5. Bg5 O-O 6. e3 Nbd7 7. Qc2 b6 8. cxd5 exd5
9. Bd3 h6 10. Bh4 c5 11. O-O Bb7 12. Ne5 cxd4 13. Nxd7 Qxd7 14. exd4 g5 15. Bg3 Rae8
16. Bf5 Qc6 17. Rac1 Ba6 18. Bd3 Bc4 19. Nxd5 Qxd5 20. Qxc4 Be7 21. Be5 Rc8 22. Qxc8
Rxc8 23. Rxc8+ Kg7 24. Bc4 Qd7 25. Rc7 Qd8 26. Rxa7 Kg6 27. Bd3+ Kh5 28. Bf5 Ng4
29. Rd7 Qf8 30. Bg3 Nf6 31. Rb7 Qd8 32. h3 Bb4 33. Be5 Bd6 34. Rxf7 Bxe5 35. dxe5
Ng8 36. Rd7 Qf8 37. Bg4+ Kg6 38. Rfd1 Ne7 39. R1d6+ Kg7 40. Re6 Qf4 41. Rexe7+ Kf8
42. Rf7+  1-0

[Event "36th Reykjavik op"]
[Site "Reykjavik ISL"]
[Date "2023.04.02"]
[Round "7.132"]
[White "Verweij, Kees"]
[Black "Geirsson, Kristjan"]
[WhiteElo "2010"]
[BlackElo "1700"]
[Result "1-0"]
[EventDate "2023.03.29"]
[PlyCount "99"]

1. d4 Nf6 2. c4 e6 3. Nc3 Bb4 4. Qc2 c5 5. dxc5 Na6 6. Nf3 Nxc5 7. a3 Bxc3+ 8. bxc3
b6 9. Bf4 O-O 10. Bd6 Re8 11. Nd2 Bb7 12. f3 e5 13. Bxc5 bxc5 14. e4 Rb8 15. Be2
Nh5 16. g3 Nf6 17. O-O Bc6 18. Rfb1 d6 19. Rxb8 Qxb8 20. a4 a5 21. Nb1 Qc7 22. Na3
Qd7 23. Nb5 h6 24. Rd1 Re6 25. Bf1 g5 26. Qe2 Bxb5 27. axb5 Qc7 28. Bh3 g4 29. Bxg4
Nxg4 30. fxg4 a4 31. Qc2 Qa5 32. Ra1 a3 33. Qb3 Qa8 34. Qb1 Re7 35. Kf2 Qa4 36. Qa2
Ra7 37. Ke3 Kg7 38. h4 Ra8 39. Kd3 Ra7 40. Qc2 Qa5 41. Qb3 Kf8 42. b6 Rb7 43. Rxa3
Qxb6 44. Ra8+ Kg7 45. Qxb6 Rxb6 46. Rd8 f6 47. Rd7+ Kg8 48. Kc2 Kf8 49. Rh7 Rb8 50.
Rh8+  1-0

[Event "36th Reykjavik op"]
[Site "Reykjavik ISL"]
[Date "2023.04.02"]
[Round "7.133"]
[White "Kalla, Christian"]
[Black "Gudnyjarson, Sigurdur Pall"]
[WhiteElo "1994"]
[BlackElo "1664"]
[Result "1/2-1/2"]
[EventDate "2023.03.29"]
[PlyCount "120"]

1. e4 c6 2. Nf3 d5 3. Nc3 Bg4 4. Be2 Nf6 5. h3 Bh5 6. Ne5 Bxe2 7. Qxe2 dxe4 8. Nxe4
Nxe4 9. Qxe4 Qd5 10. d3 Qxe4+ 11. dxe4 f6 12. Nd3 e5 13. Be3 Na6 14. O-O-O Be7 15.
Rd2 Kf7 16. Rhd1 Rhd8 17. c3 Ke8 18. g3 Bd6 19. h4 Bc7 20. f4 exf4 21. Nxf4 Bxf4
22. gxf4 b6 23. Rg1 Rxd2 24. Kxd2 Rd8+ 25. Ke2 Kf7 26. a4 Nc7 27. a5 c5 28. axb6
axb6 29. Ra1 Ra8 30. Rd1 Ke7 31. f5 Ra7 32. Rd2 Nb5 33. Kf3 Nd6 34. Rg2 Kf7 35. Rd2
Nc4 36. Rd7+ Kf8 37. Rd8+ Ke7 38. Rh8 Nxe3 39. Kxe3 h6 40. b3 Ra3 41. Kd3 Rxb3 42.
Kc4 Rb1 43. Rb8 Kd6 44. Rb7 Ke5 45. Re7+ Kf4 46. Rxg7 Kxe4 47. Rg6 Kxf5 48. Rxh6
Re1 49. Kb5 Re6 50. Rh8 Kg6 51. Kc4 f5 52. Kd5 Rf6 53. Rg8+ Kh6 54. Ke5 Rf7 55. Ke6
Ra7 56. Kxf5 Ra3 57. Rg6+ Kh5 58. Rxb6 Kxh4 59. c4 Rc3 60. Ke5 Rxc4  1/2-1/2

[Event "36th Reykjavik op"]
[Site "Reykjavik ISL"]
[Date "2023.04.02"]
[Round "7.134"]
[White "Helgadottir, Idunn"]
[Black "Daemering, Katrin"]
[WhiteElo "1636"]
[BlackElo "1991"]
[Result "1-0"]
[EventDate "2023.03.29"]
[PlyCount "81"]

1. d4 Nf6 2. Nf3 g6 3. c4 Bg7 4. Nc3 d6 5. e4 O-O 6. Be2 Nbd7 7. O-O e5 8. Be3 h6
9. h3 exd4 10. Nxd4 Nc5 11. f3 Re8 12. b4 Ncd7 13. Qd2 Kh7 14. Nb3 Nh5 15. Rfd1 Ng3
16. Rac1 Nf6 17. c5 Nfh5 18. cxd6 cxd6 19. Nb5 Qh4 20. Bc4 f5 21. Nc7 Bd7 22. Nxa8
Rxa8 23. Qxd6 Bc6 24. b5 Bxe4 25. fxe4 Nxe4 26. Qd3 Re8 27. Nc5 Nxc5 28. Bxc5 Nf4
29. Qf3 Qg5 30. Rc2 b6 31. Bf2 Re4 32. Re1 Be5 33. Rxe4 fxe4 34. Qg4 Qd8 35. Bb3
h5 36. Rc8 Ne2+ 37. Kf1 Ng3+ 38. Qxg3 Qxc8 39. Qxe5 Qc1+ 40. Be1 e3 41. Qc3  1-0

[Event "36th Reykjavik op"]
[Site "Reykjavik ISL"]
[Date "2023.04.02"]
[Round "7.135"]
[White "Thorsteinsdottir, Hallgerdur"]
[Black "Ingvarsson, Unnar"]
[WhiteElo "1978"]
[BlackElo "1661"]
[Result "1-0"]
[EventDate "2023.03.29"]
[PlyCount "83"]

1. e4 b6 2. d4 Bb7 3. Bd3 e6 4. Nf3 Nf6 5. Qe2 c5 6. c3 Be7 7. Bg5 O-O 8. O-O Nc6
9. e5 Nd5 10. Qe4 g6 11. Bh6 f5 12. Qe2 Rf7 13. a3 Bf8 14. Bxf8 Rxf8 15. Ba6 Nf4
16. Qb5 Bxa6 17. Qxa6 cxd4 18. cxd4 g5 19. Rd1 g4 20. Ne1 Nd5 21. Nc3 Nxc3 22. bxc3
Qc8 23. Qd3 Na5 24. Qg3 Kh8 25. Rd3 Nc4 26. Qf4 Qe8 27. d5 Rc8 28. Rd4 Rc5 29. Rxc4
Rxd5 30. Rd4 Rc5 31. c4 Qe7 32. Nd3 Rc7 33. a4 Rb8 34. Qh6 Rbc8 35. Qf6+ Qxf6 36.
exf6 Kg8 37. Ne5 d5 38. Rad1 Rd8 39. cxd5 exd5 40. g3 Rc5 41. Nd3 Kf7 42. Nxc5  1-0

[Event "36th Reykjavik op"]
[Site "Reykjavik ISL"]
[Date "2023.04.02"]
[Round "7.136"]
[White "Fuchs, Elmar"]
[Black "Stuart, Brian"]
[WhiteElo "1973"]
[BlackElo "1642"]
[Result "1-0"]
[EventDate "2023.03.29"]
[PlyCount "53"]

1. d4 Nf6 2. Nc3 g6 3. Bf4 Bg7 4. e4 d6 5. Qd2 O-O 6. O-O-O Nc6 7. Nf3 Bg4 8. Qe3
Re8 9. Bg5 Qc8 10. Be2 Bxf3 11. Bxf3 e5 12. d5 Nd4 13. Kb1 b5 14. Rc1 a5 15. Be2
Qb7 16. h4 a4 17. h5 b4 18. Nd1 b3 19. cxb3 axb3 20. a3 Nc2 21. Rxc2 bxc2+ 22. Kxc2
c6 23. Bxf6 cxd5 24. Bxg7 Rac8+ 25. Kd2 Qc6 26. Bf6 Qc2+ 27. Ke1  1-0

[Event "36th Reykjavik op"]
[Site "Reykjavik ISL"]
[Date "2023.04.02"]
[Round "7.137"]
[White "Rice, Chris"]
[Black "Texe, Eirik"]
[WhiteElo "1952"]
[BlackElo "1592"]
[Result "1-0"]
[EventDate "2023.03.29"]
[PlyCount "41"]

1. d4 d5 2. Nf3 Nf6 3. c4 e6 4. cxd5 exd5 5. Nc3 h6 6. Bf4 Bd6 7. Bg3 a6 8. Bh4 c6
9. Qc2 Be6 10. e3 Nbd7 11. Bd3 O-O 12. O-O Re8 13. Rab1 Qc7 14. Bg3 c5 15. dxc5 Nxc5
16. Bf5 Bxg3 17. hxg3 Nce4 18. Nxe4 Bxf5 19. Nxf6+ gxf6 20. Qxc7 Bxb1 21. Rxb1  1-0